<?xml version="1.0" encoding="UTF-8"?><?xml-stylesheet type="text/xsl" href="static/style.xsl"?><OAI-PMH xmlns="http://www.openarchives.org/OAI/2.0/" xmlns:xsi="http://www.w3.org/2001/XMLSchema-instance" xsi:schemaLocation="http://www.openarchives.org/OAI/2.0/ http://www.openarchives.org/OAI/2.0/OAI-PMH.xsd"><responseDate>2026-04-18T03:18:55Z</responseDate><request verb="GetRecord" identifier="oai:www.recercat.cat:10256/19526" metadataPrefix="marc">https://recercat.cat/oai/request</request><GetRecord><record><header><identifier>oai:recercat.cat:10256/19526</identifier><datestamp>2024-06-14T09:44:59Z</datestamp><setSpec>com_2072_452955</setSpec><setSpec>com_2072_2054</setSpec><setSpec>col_2072_453064</setSpec></header><metadata><record xmlns="http://www.loc.gov/MARC21/slim" xmlns:dcterms="http://purl.org/dc/terms/" xmlns:xsi="http://www.w3.org/2001/XMLSchema-instance" xmlns:doc="http://www.lyncode.com/xoai" xsi:schemaLocation="http://www.loc.gov/MARC21/slim http://www.loc.gov/standards/marcxml/schema/MARC21slim.xsd">
   <leader>00925njm 22002777a 4500</leader>
   <datafield ind2=" " ind1=" " tag="042">
      <subfield code="a">dc</subfield>
   </datafield>
   <datafield ind2=" " ind1=" " tag="720">
      <subfield code="a">González i Planas, Francesc</subfield>
      <subfield code="e">author</subfield>
   </datafield>
   <datafield ind2=" " ind1=" " tag="260">
      <subfield code="c">2001-01-01</subfield>
   </datafield>
   <datafield ind2=" " ind1=" " tag="520">
      <subfield code="a">El Valle de Arán es una pequeña comarca situada en la vertiente norte de los Pirineos que tiene como lengua propia el occitano, más conocido entre los habitantes del valle con el nombre de aranés. El aranés es el resultado de la particular evolución de la lengua latina en aquel territorio después de su proceso de romanización. En términos dialectológicos, el occitano del Valle de Arán pertenece a la rama pirenaica de los dialectos gascones, junto con los dialectos de las zonas limítrofes de Comenges, Coserans y Bigòrra. Actualmente el territorio aranés forma parte del Estado español, de la comunidad autónoma de Cataluña, y de la provincia de Lleida (Lhèida). A causa del relieve montañoso de los Pirineos, el valle se encuentra cerrado por el sur  lo que significa que históricamente ha quedado aislado del resto de Cataluña y de España  y su único espacio de comunicación natural ha estado la Gascuña (Gasconha), especialmente las tierras de Comenges. En la actualidad, con la construcción del Túnel de Vielha y la mejora de la red de carreteras, el Valle de Arán ya no permanece incomunicado durante el invierno; hecho que ha supuesto una mejora de la economía local y un cambio sustancial de sus características demográficas</subfield>
   </datafield>
   <datafield ind1="8" ind2=" " tag="024">
      <subfield code="a">http://hdl.handle.net/10256/19526</subfield>
   </datafield>
   <datafield tag="653" ind2=" " ind1=" ">
      <subfield code="a">Aranès</subfield>
   </datafield>
   <datafield tag="653" ind2=" " ind1=" ">
      <subfield code="a">Occità</subfield>
   </datafield>
   <datafield tag="653" ind2=" " ind1=" ">
      <subfield code="a">Sociolingüística</subfield>
   </datafield>
   <datafield tag="653" ind2=" " ind1=" ">
      <subfield code="a">Política lingüística</subfield>
   </datafield>
   <datafield tag="653" ind2=" " ind1=" ">
      <subfield code="a">Aranese dialect</subfield>
   </datafield>
   <datafield tag="653" ind2=" " ind1=" ">
      <subfield code="a">Occitan language</subfield>
   </datafield>
   <datafield tag="653" ind2=" " ind1=" ">
      <subfield code="a">Sociolinguistics</subfield>
   </datafield>
   <datafield tag="653" ind2=" " ind1=" ">
      <subfield code="a">Language policy</subfield>
   </datafield>
   <datafield tag="653" ind2=" " ind1=" ">
      <subfield code="a">Aranese dialect</subfield>
   </datafield>
   <datafield ind2="0" ind1="0" tag="245">
      <subfield code="a">Era Val d'Aran: una comunidad lingüística aislada</subfield>
   </datafield>
</record></metadata></record></GetRecord></OAI-PMH>